Cellular radiobiology (Record no. 27077)

MARC details
000 -LEADER
fixed length control field 00419nam a2200145Ia 4500
082 ## - DEWEY DECIMAL CLASSIFICATION NUMBER
Classification number 576:577.34
Item number LAW
100 ## - MAIN ENTRY--AUTHOR NAME
Personal name LAWRENCE, Christopher W
245 #0 - TITLE STATEMENT
Title Cellular radiobiology
260 ## - PUBLICATION, DISTRIBUTION, ETC. (IMPRINT)
Place of publication London
Name of publisher Edward Arnold
Year of publication 1971
490 ## - SERIES STATEMENT
Series statement The institute of biology's studies in biology 30
650 ## - SUBJECT ADDED ENTRY--TOPICAL TERM
Topical Term Cellular radiobiology
650 ## - SUBJECT ADDED ENTRY--TOPICAL TERM
Topical Term Ionizing radiation
942 ## - ADDED ENTRY ELEMENTS (KOHA)
Koha item type Books
Holdings
Withdrawn status Lost status Damaged status Not for loan Home library Current library Date acquired Full call number Accession Number Koha item type
        RRII Library RRII Library 16/12/2021 576:577.34 LAW 07708 Books